The return of the king : (Record no. 33969)
[ view plain ]
| 000 -LEADER | |
|---|---|
| fixed length control field | 01430cam a2200361 a 4500 |
| 001 - CONTROL NUMBER | |
| control field | 587720 |
| 003 - CONTROL NUMBER IDENTIFIER | |
| control field | OSt |
| 005 - DATE AND TIME OF LATEST TRANSACTION | |
| control field | 20140310184353.0 |
| 008 - FIXED-LENGTH DATA ELEMENTS--GENERAL INFORMATION | |
| fixed length control field | 900516r1990 ctua 001 1 eng |
| 010 ## - LIBRARY OF CONGRESS CONTROL NUMBER | |
| LC control number | 90156548 |
| 020 ## - INTERNATIONAL STANDARD BOOK NUMBER | |
| International Standard Book Number | 0345339738 |
| 040 ## - CATALOGING SOURCE | |
| Original cataloging agency | DLC |
| Transcribing agency | DLC |
| Modifying agency | OCoLC |
| 050 00 - LIBRARY OF CONGRESS CALL NUMBER | |
| Classification number | PR 6039.O32 |
| Item number | .T649 1955 |
| 100 1# - MAIN ENTRY--PERSONAL NAME | |
| Personal name | Tolkien, J. R. R. |
| Fuller form of name | (John Ronald Reuel), |
| Dates associated with a name | 1892-1973. |
| 9 (RLIN) | 25311 |
| 245 14 - TITLE STATEMENT | |
| Title | The return of the king : |
| Remainder of title | being the third part of the the lord of the rings / |
| Statement of responsibility, etc | J.R.R. Tolkien |
| 260 ## - PUBLICATION, DISTRIBUTION, ETC. (IMPRINT) | |
| Place of publication, distribution, etc | New York, NY : |
| Name of publisher, distributor, etc | Scholastic Inc., |
| Date of publication, distribution, etc | 1955. |
| 300 ## - PHYSICAL DESCRIPTION | |
| Extent | 490 p. : |
| Dimensions | 18 cm. |
| 490 1# - SERIES STATEMENT | |
| Series statement | The Lord of the rings / J.R.R. Tolkien ; |
| Volume number/sequential designation | pt. 3 |
| 500 ## - GENERAL NOTE | |
| General note | "Reprinted with tne permission of the publisher, Houghton Mifflin Company"--T.p. verso. |
| 500 ## - GENERAL NOTE | |
| General note | Includes index. |
| 500 ## - GENERAL NOTE | |
| General note | One col. map on folded sheet inserted. |
| 521 ## - TARGET AUDIENCE NOTE | |
| Target audience note | |
| 526 ## - STUDY PROGRAM INFORMATION NOTE | |
| Reading level | 920 |
| 650 #0 - SUBJECT ADDED ENTRY--TOPICAL TERM | |
| Topical term or geographic name as entry element | Baggins, Frodo (Fictitious character) |
| General subdivision | Fiction. |
| 9 (RLIN) | 25312 |
| 650 #0 - SUBJECT ADDED ENTRY--TOPICAL TERM | |
| Topical term or geographic name as entry element | Middle Earth (Imaginary place) |
| General subdivision | Fiction. |
| 9 (RLIN) | 25313 |
| 655 #7 - INDEX TERM--GENRE/FORM | |
| Genre/form data or focus term | Fantasy fiction. |
| Source of term | gsafd |
| 9 (RLIN) | 3053 |
| 800 1# - SERIES ADDED ENTRY--PERSONAL NAME | |
| Personal name | Tolkien, J. R. R. |
| Fuller form of name | (John Ronald Reuel), |
| Dates associated with a name | 1892-1973. |
| Title of a work | Lord of the rings (1990) ; |
| Volume/sequential designation | pt. 3. |
| 9 (RLIN) | 25314 |
| 906 ## - LOCAL DATA ELEMENT F, LDF (RLIN) | |
| a | 7 |
| b | cbc |
| c | orignew |
| d | 2 |
| e | ncip |
| f | 19 |
| g | y-gencatlg |
| 942 ## - ADDED ENTRY ELEMENTS (KOHA) | |
| Source of classification or shelving scheme | Library of Congress Classification |
| Koha item type | |
| Withdrawn status | Lost status | Source of classification or shelving scheme | Damaged status | Home library | Current library | Shelving location | Date acquired | Total Checkouts | Full call number | Barcode | Date last seen | Copy number | Price effective from | Koha item type |
|---|---|---|---|---|---|---|---|---|---|---|---|---|---|---|
| Library of Congress Classification | Luxembourg Library | Luxembourg Library | Scholastic Reading Center Section | 10/07/2013 | PR 6039.O32 .T649 1955 | LEX0789 | 04/18/2017 | 1 | 10/07/2013 | Books | ||||
| Library of Congress Classification | Luxembourg Library | Luxembourg Library | Scholastic Reading Center Section | 10/11/2013 | PR 6039.O32 .T649 1955 | LEX1779 | 04/18/2017 | 2 | 10/11/2013 | Books | ||||
| Library of Congress Classification | Luxembourg Library | Luxembourg Library | Scholastic Reading Center Section | 10/11/2013 | PR 6039.O32 .T649 1955 | LEX2723 | 04/18/2017 | 1 | 10/11/2013 | Books |